00314 a2200133 450000100060000002000180000604000220002410000210004624000390006724500340010630000080014036200090014865000230015757437 a9788532262011 cAnchieta - Pituba aCarrasco, Walcyr10aVinte mil léguas submarinaslpor10aVinte mil léguas submarinas a2270 a2007 4aLiteratura juvenil